000 00940nam a2200241 a 4500
001 BRCA_2162
005 20190320203708.0
008 930817s1992 mx-a---##b---#110-0#spa-#
020 _a9683624375
040 _aDLC
_cDLC
050 4 _aN6553
_b.M26 1992
245 1 0 _aManuel Toussaint
_bsu proyección en la historia del arte mexicano : coloquio internacional extraordinario.
260 _aMéxico
_bUNAM, Instituto de Investigaciones Estéticas
_c1992
300 _a354 p.
_bil., lxxxix p. de láminas
_c23 cm.
500 _aIncluye índice de ilustraciones
504 _aIncluye referencias bibliográficas
600 1 4 _aToussaint, Manuel
_d1890-1955
_vCongresos
_96514
650 1 4 _aArte mexicano
_vCongresos
_92347
650 1 4 _aArte colonial español
_vCongresos
_zMéxico
_96515
650 1 4 _aArquitectura colonial española
_vCongresos
_zMéxico
_96516
650 1 4 _aHistoriadores del arte
_vBiografías
_zMéxico
_96517
942 _2lcc
_cB
999 _c1918
_d1918